[Event "46. Toreno La Roda 2019"]
[Site "La Roda ESP"]
[Date "2019.04.18"]
[Round "3.15"]
[White "Pindado Campos, Raul"]
[Black "Martinez Reyes, Pedro Ramon"]
[Result "0-1"]
[WhiteElo "2076"]
[BlackElo "2404"]
[PlyCount "96"]
[EventDate "2019.04.17"]
[EventType "swiss"]
[EventRounds "9"]
[EventCountry "ESP"]
[SourceTitle "Ajedrez en Madrid"]
[Source "lmi"]
[SourceDate "2019.04.17"]
[SourceVersion "1"]
[SourceVersionDate "2019.04.22"]
[SourceQuality "1"]

1. e4 Nf6 2. e5 Nd5 3. d4 d6 4. Nf3 c6 5. exd6 Qxd6 6. Bd3 Bg4 7. O-O Nd7 8.
Nc3 N7f6 9. Nxd5 Qxd5 10. Be2 e6 11. c4 Qd6 12. Be3 Be7 13. Ne5 Bxe2 14. Qxe2
O-O 15. Rad1 Rad8 16. a3 Qc7 17. Rfe1 c5 18. Bf4 Qb6 19. dxc5 Qxc5 20. Bg3 a5
21. h3 Qb6 22. Bh4 Qc7 23. Bg3 Qc8 24. Bf4 Nd7 25. Nxd7 Rxd7 26. Rxd7 Qxd7 27.
Rd1 Qc6 28. Be5 Rc8 29. Qg4 Bf8 30. Rd6 Qc5 31. Qg3 f6 32. Bf4 Bxd6 33. Bxd6
Qxc4 34. Bf4 Kh8 35. Bd2 a4 36. Bc3 e5 37. h4 Rd8 38. h5 h6 39. Qf3 Qf4 40. Qe2
Qf5 41. g4 Qd3 42. Kf1 Kg8 43. Qxd3 Rxd3 44. Ke2 e4 45. Bd2 Kf7 46. Be3 Ke6 47.
f3 Rb3 48. fxe4 Rxb2+ 0-1

[Event "46. Toreno La Roda 2019"]
[Site "La Roda ESP"]
[Date "2019.04.18"]
[Round "3.16"]
[White "Merario Alarcon, Andres"]
[Black "Ojas, Kulkarni"]
[Result "1/2-1/2"]
[WhiteElo "2399"]
[BlackElo "2240"]
[PlyCount "60"]
[EventDate "2019.04.17"]
[EventType "swiss"]
[EventRounds "9"]
[EventCountry "ESP"]
[SourceTitle "Ajedrez en Madrid"]
[Source "lmi"]
[SourceDate "2019.04.17"]
[SourceVersion "1"]
[SourceVersionDate "2019.04.22"]
[SourceQuality "1"]

1. d4 Nf6 2. c4 g6 3. Nc3 d5 4. cxd5 Nxd5 5. e4 Nxc3 6. bxc3 Bg7 7. Nf3 c5 8.
Rb1 O-O 9. Be2 cxd4 10. cxd4 Qa5+ 11. Qd2 Qxd2+ 12. Bxd2 b6 13. Rc1 Bb7 14. Bd3
Nc6 15. d5 Ne5 16. Nxe5 Bxe5 17. Ke2 f5 18. f3 fxe4 19. fxe4 Rac8 20. Bb4 Bd6
21. Bxd6 exd6 22. Ke3 Rxc1 23. Rxc1 Rc8 24. Rxc8+ Bxc8 25. Kf4 Kf7 26. e5 Ke7
27. h3 Bf5 28. Bxf5 gxf5 29. e6 Kf6 30. h4 h5 1/2-1/2

[Event "46. Toreno La Roda 2019"]
[Site "La Roda ESP"]
[Date "2019.04.18"]
[Round "3.19"]
[White "Suarez Uriel, Adrian"]
[Black "Rodriguez Del Cerro, Ricardo"]
[Result "1-0"]
[WhiteElo "2397"]
[BlackElo "2229"]
[PlyCount "65"]
[EventDate "2019.04.17"]
[EventType "swiss"]
[EventRounds "9"]
[EventCountry "ESP"]
[SourceTitle "Ajedrez en Madrid"]
[Source "lmi"]
[SourceDate "2019.04.17"]
[SourceVersion "1"]
[SourceVersionDate "2019.04.22"]
[SourceQuality "1"]

1. e4 e5 2. Nf3 Nc6 3. Bc4 Bc5 4. d3 Nf6 5. O-O O-O 6. h3 d5 7. exd5 Nxd5 8.
Nbd2 f6 9. Ne4 Bb6 10. b4 Ncxb4 11. Ba3 c5 12. c3 Nc6 13. Nxc5 Rf7 14. d4 Na5
15. Bd3 Bxc5 16. dxc5 Be6 17. Qc2 g6 18. Rad1 Qc7 19. Rfe1 Nf4 20. Bf1 Bc4 21.
Qa4 Bxf1 22. Kxf1 b5 23. Qxb5 Rb8 24. Qa6 Re7 25. Rd6 e4 26. Nd4 Nd3 27. Nb5
Qc8 28. Qxc8+ Rxc8 29. Rxd3 exd3 30. Rxe7 d2 31. Ke2 Nc4 32. Re4 Rd8 33. Kd1
1-0

[Event "46. Toreno La Roda 2019"]
[Site "La Roda ESP"]
[Date "2019.04.18"]
[Round "3.20"]
[White "Martin Duque, Jesus"]
[Black "Aguilera Lopez, Alejandro"]
[Result "1/2-1/2"]
[WhiteElo "2386"]
[BlackElo "2194"]
[PlyCount "70"]
[EventDate "2019.04.17"]
[EventType "swiss"]
[EventRounds "9"]
[EventCountry "ESP"]
[SourceTitle "Ajedrez en Madrid"]
[Source "lmi"]
[SourceDate "2019.04.17"]
[SourceVersion "1"]
[SourceVersionDate "2019.04.22"]
[SourceQuality "1"]

1. e4 c5 2. Nf3 e6 3. d4 cxd4 4. Nxd4 Nf6 5. Nc3 Nc6 6. Nxc6 bxc6 7. e5 Nd5 8.
Ne4 Qc7 9. f4 Qa5+ 10. c3 Be7 11. Bd3 O-O 12. O-O f5 13. Nf2 Rb8 14. c4 Nb4 15.
Be2 Qb6 16. a3 Na6 17. b4 Nc7 18. c5 Qb7 19. Bd3 a5 20. Bd2 Nd5 21. Qe2 Qa7 22.
g4 fxg4 23. Nxg4 Ra8 24. Qe4 g6 25. Qd4 Ba6 26. Bxa6 Qxa6 27. Nf2 axb4 28. axb4
Qe2 29. Rxa8 Rxa8 30. Re1 Qf3 31. Qe4 Qh5 32. Qe2 Qh4 33. Qg4 Ra2 34. Rd1 Kf7
35. Qxh4 Bxh4 1/2-1/2

[Event "46. Toreno La Roda 2019"]
[Site "La Roda ESP"]
[Date "2019.04.18"]
[Round "3.21"]
[White "Muñoz Ortega, Jose Daniel"]
[Black "Valmana Canto, Jaime"]
[Result "0-1"]
[WhiteElo "2074"]
[BlackElo "2377"]
[PlyCount "126"]
[EventDate "2019.04.17"]
[EventType "swiss"]
[EventRounds "9"]
[EventCountry "ESP"]
[SourceTitle "Ajedrez en Madrid"]
[Source "lmi"]
[SourceDate "2019.04.17"]
[SourceVersion "1"]
[SourceVersionDate "2019.04.22"]
[SourceQuality "1"]

1. d4 d5 2. Bf4 Nf6 3. e3 Bg4 4. f3 Bf5 5. c4 e6 6. Nc3 Bb4 7. g4 Bg6 8. h4 h6
9. h5 Bh7 10. Bd3 Bxd3 11. Qxd3 dxc4 12. Qxc4 Nd5 13. Nge2 Nd7 14. Kf2 N7b6 15.
Qd3 Nxf4 16. Nxf4 Bd6 17. Nfe2 Be7 18. f4 Qd7 19. Rac1 e5 20. Qb5 exf4 21.
Qxd7+ Nxd7 22. Nd5 fxe3+ 23. Kf3 Rc8 24. Nxc7+ Kd8 25. Nd5 Rxc1 26. Rxc1 Re8
27. Rc7 Nb6 28. Rxe7 Rxe7 29. Nxe7 Kxe7 30. Nf4 Kf6 31. Ng2 Na4 32. Nxe3 Nxb2
33. Nd5+ Ke6 34. Ne3 g6 35. d5+ Kf6 36. Ke4 Na4 37. d6 gxh5 38. gxh5 Nc5+ 39.
Kd5 Nd7 40. Ng4+ Kg5 41. Ne5 Nb6+ 42. Kc5 f5 43. Kd4 Kf6 44. d7 Ke7 45. d8=Q+
Kxd8 46. Nf7+ Ke7 47. Nxh6 Kf6 48. Kc5 Ke6 49. Nxf5 Nd7+ 50. Kd4 Kxf5 51. Kd5
Nf6+ 52. Kd6 Nxh5 53. Kc7 b5 54. Kc6 b4 55. Kb5 Ke6 56. Kxb4 Kd6 57. Kc4 Kc6
58. Kc3 Kc5 59. Kb3 Kb5 60. Kc3 Ka4 61. Kb2 Nf4 62. Kb1 Ka3 63. Ka1 Nd5 0-1

[Event "46. Toreno La Roda 2019"]
[Site "La Roda ESP"]
[Date "2019.04.18"]
[Round "3.22"]
[White "Lopez Mulet, Inigo"]
[Black "Aymerich Rosell, Pablo"]
[Result "1/2-1/2"]
[WhiteElo "2368"]
[BlackElo "2173"]
[PlyCount "58"]
[EventDate "2019.04.17"]
[EventType "swiss"]
[EventRounds "9"]
[EventCountry "ESP"]
[SourceTitle "Ajedrez en Madrid"]
[Source "lmi"]
[SourceDate "2019.04.17"]
[SourceVersion "1"]
[SourceVersionDate "2019.04.22"]
[SourceQuality "1"]

1. d4 f5 2. Nf3 Nf6 3. g3 g6 4. b4 c6 5. c4 d5 6. Nbd2 a5 7. bxa5 Qxa5 8. cxd5
cxd5 9. Bg2 Qc3 10. Rb1 Rxa2 11. Bb2 Qa5 12. O-O Bg7 13. Qb3 O-O 14. Ne5 e6 15.
Bc3 Qa4 16. Qb6 Ne4 17. Nxe4 fxe4 18. Qd6 Nc6 19. Bh3 Nxe5 20. dxe5 Qc6 21. Bb4
Re8 22. Rfc1 Rc2 23. Bc5 Rxc1+ 24. Rxc1 Bd7 25. Ba3 Qxd6 26. exd6 Rc8 27. Rb1
Rb8 28. Rc1 Rc8 29. Rb1 Rb8 1/2-1/2

[Event "46. Toreno La Roda 2019"]
[Site "La Roda ESP"]
[Date "2019.04.19"]
[Round "4.1"]
[White "Predke, Alexandr"]
[Black "Espinosa Aranda, Angel"]
[Result "1/2-1/2"]
[WhiteElo "2619"]
[BlackElo "2482"]
[PlyCount "29"]
[EventDate "2019.04.17"]
[EventType "swiss"]
[EventRounds "9"]
[EventCountry "ESP"]
[SourceTitle "Ajedrez en Madrid"]
[Source "lmi"]
[SourceDate "2019.04.17"]
[SourceVersion "1"]
[SourceVersionDate "2019.04.22"]
[SourceQuality "1"]

1. Nf3 Nf6 2. g3 g6 3. d4 Bg7 4. Bg2 O-O 5. O-O d6 6. Nc3 d5 7. Re1 Bf5 8. Nh4
Be6 9. e4 dxe4 10. Nxe4 Bd5 11. Nxf6+ Bxf6 12. Nf3 Nd7 13. Bh6 Re8 14. c3 c5
15. dxc5 1/2-1/2

[Event "46. Toreno La Roda 2019"]
[Site "La Roda ESP"]
[Date "2019.04.19"]
[Round "4.2"]
[White "Perez Candelario, Manuel"]
[Black "Tejedor Fuente, Enrique"]
[Result "1-0"]
[WhiteElo "2615"]
[BlackElo "2429"]
[PlyCount "113"]
[EventDate "2019.04.17"]
[EventType "swiss"]
[EventRounds "9"]
[EventCountry "ESP"]
[SourceTitle "Ajedrez en Madrid"]
[Source "lmi"]
[SourceDate "2019.04.17"]
[SourceVersion "1"]
[SourceVersionDate "2019.04.22"]
[SourceQuality "1"]

1. e4 c5 2. Nf3 Nc6 3. d4 cxd4 4. Nxd4 Nf6 5. Nc3 e6 6. Ndb5 Bb4 7. a3 Bxc3+ 8.
Nxc3 d5 9. exd5 exd5 10. Bd3 O-O 11. O-O d4 12. Ne2 Bg4 13. Bg5 Qd6 14. Qd2
Bxe2 15. Qxe2 Rfe8 16. Qf3 Ne5 17. Qf4 Nh5 18. Qe4 Nxd3 19. Qxd3 h6 20. Bd2 Nf4
21. Bxf4 Qxf4 22. Rfe1 Qc7 23. g3 Qb6 24. b3 Qc6 25. a4 Rac8 26. h4 h5 27. Qxd4
Qxc2 28. Qd7 Qc6 29. Rxe8+ Rxe8 30. Qxc6 bxc6 31. Rc1 Rc8 32. Rc5 g6 33. Kf1
Kf8 34. Ke2 Ke7 35. Ra5 Rc7 36. Kd3 Kd6 37. b4 Rb7 38. Kc4 Re7 39. Ra6 Rc7 40.
Kd4 Kd7 41. Kc5 Rb7 42. f3 Rc7 43. a5 f6 44. f4 f5 45. b5 cxb5+ 46. Kxb5 Rb7+
47. Kc5 Rc7+ 48. Kd4 Rc6 49. Rxa7+ Ke6 50. Rb7 Rd6+ 51. Kc4 Rc6+ 52. Kb5 Rc3
53. Rb6+ Kf7 54. a6 Rb3+ 55. Kc6 Rxg3 56. a7 Ra3 57. Kb7 1-0

[Event "46. Toreno La Roda 2019"]
[Site "La Roda ESP"]
[Date "2019.04.19"]
[Round "4.3"]
[White "Ladron De Guevara Pinto, Paolo"]
[Black "Solodovnichenko, Yuri"]
[Result "0-1"]
[WhiteElo "2429"]
[BlackElo "2554"]
[PlyCount "106"]
[EventDate "2019.04.17"]
[EventType "swiss"]
[EventRounds "9"]
[EventCountry "ESP"]
[SourceTitle "Ajedrez en Madrid"]
[Source "lmi"]
[SourceDate "2019.04.17"]
[SourceVersion "1"]
[SourceVersionDate "2019.04.22"]
[SourceQuality "1"]

1. e4 c5 2. Nf3 e6 3. d4 cxd4 4. Nxd4 Nc6 5. Nb5 d6 6. c4 Nf6 7. N1c3 a6 8. Na3
Be7 9. Be2 b6 10. O-O Bb7 11. Be3 Nb8 12. f3 O-O 13. Nc2 Nbd7 14. Qd2 Qc7 15.
Nd4 Rac8 16. Rfc1 Ne5 17. a4 Qd7 18. b3 d5 19. cxd5 exd5 20. Nf5 Bd8 21. f4 Ng6
22. Ng3 d4 23. Qxd4 Nxf4 24. Bc4 Qxd4 25. Bxd4 Re8 26. Nf5 Nxe4 27. Nxe4 Rxe4
28. Bxf7+ Kxf7 29. Rxc8 Ne2+ 30. Kh1 Bxc8 31. Nd6+ Ke7 32. Nxe4 Nxd4 33. b4 Bf5
34. Nc3 Nc2 35. Nd5+ Kd6 36. Rd1 Ke5 37. Nc3 Be7 38. Nd5 Bxb4 39. Nxb6 Ne3 40.
Rd8 Be4 41. Kg1 Bc6 42. Nd7+ Bxd7 43. Rxd7 Nf5 44. g4 Ne7 45. a5 Ke6 46. Rb7
Bxa5 47. Kg2 Bd8 48. h4 a5 49. Kh3 h6 50. Ra7 Bb6 51. Rb7 Bd4 52. Kg2 Nc6 53.
Kf3 a4 0-1

[Event "46. Toreno La Roda 2019"]
[Site "La Roda ESP"]
[Date "2019.04.19"]
[Round "4.5"]
[White "Valmana Canto, Jaime"]
[Black "Ibarra Jerez, Jose Carlos"]
[Result "0-1"]
[WhiteElo "2377"]
[BlackElo "2542"]
[PlyCount "84"]
[EventDate "2019.04.17"]
[EventType "swiss"]
[EventRounds "9"]
[EventCountry "ESP"]
[SourceTitle "Ajedrez en Madrid"]
[Source "lmi"]
[SourceDate "2019.04.17"]
[SourceVersion "1"]
[SourceVersionDate "2019.04.22"]
[SourceQuality "1"]

1. Nf3 d6 2. d4 g6 3. e4 Nf6 4. Nc3 Bg7 5. Be2 O-O 6. O-O Nc6 7. d5 Nb8 8. h3
e5 9. dxe6 Bxe6 10. Ng5 Bd7 11. f4 Nc6 12. a3 h6 13. Nf3 Re8 14. Bd3 b5 15. Be3
Nxe4 16. Nxe4 f5 17. Nc5 Rxe3 18. Bxb5 dxc5 19. Qd5+ Be6 20. Qxc6 Rb8 21. Rad1
Qe7 22. Rfe1 Bf7 23. b3 Kh7 24. Kh1 Rxe1+ 25. Rxe1 Qd6 26. Qxd6 cxd6 27. Re7
Bd5 28. Ba6 Be4 29. Ne1 d5 30. Rxa7 c4 31. b4 g5 32. fxg5 hxg5 33. Nf3 Kg6 34.
Bb7 g4 35. Nd2 Bxc2 36. Bxd5 c3 37. Nc4 gxh3 38. gxh3 Rd8 39. Ra6+ Kg5 40. Nd6
Kf4 41. Be6 Rxd6 42. Rxd6 Be4+ 0-1

[Event "46. Toreno La Roda 2019"]
[Site "La Roda ESP"]
[Date "2019.04.19"]
[Round "4.6"]
[White "Jimenez Martinez, Jose Vicente"]
[Black "Sivuk, Vitaly"]
[Result "0-1"]
[WhiteElo "2243"]
[BlackElo "2523"]
[PlyCount "64"]
[EventDate "2019.04.17"]
[EventType "swiss"]
[EventRounds "9"]
[EventCountry "ESP"]
[SourceTitle "Ajedrez en Madrid"]
[Source "lmi"]
[SourceDate "2019.04.17"]
[SourceVersion "1"]
[SourceVersionDate "2019.04.22"]
[SourceQuality "1"]

1. d4 d5 2. c4 e6 3. Nf3 Nf6 4. Nc3 c6 5. Bg5 h6 6. Bxf6 Qxf6 7. e4 dxe4 8.
Nxe4 Bb4+ 9. Nc3 c5 10. Rc1 O-O 11. a3 Bxc3+ 12. Rxc3 Rd8 13. Rd3 Nc6 14. dxc5
Rxd3 15. Qxd3 Qxb2 16. Be2 Bd7 17. O-O Rd8 18. Rb1 Qa2 19. Re1 Qb2 20. Rb1 Qf6
21. Rd1 Be8 22. Qb1 Rxd1+ 23. Qxd1 Qb2 24. Qd3 e5 25. Bf1 g6 26. Qd2 Qxd2 27.
Nxd2 Nd8 28. g3 Ne6 29. Nb3 Ba4 30. Na5 Nxc5 31. Bg2 e4 32. f3 b6 0-1

[Event "46. Toreno La Roda 2019"]
[Site "La Roda ESP"]
[Date "2019.04.19"]
[Round "4.7"]
[White "Burmakin, Vladimir"]
[Black "Suarez Uriel, Adrian"]
[Result "1-0"]
[WhiteElo "2495"]
[BlackElo "2397"]
[PlyCount "63"]
[EventDate "2019.04.17"]
[EventType "swiss"]
[EventRounds "9"]
[EventCountry "ESP"]
[SourceTitle "Ajedrez en Madrid"]
[Source "lmi"]
[SourceDate "2019.04.17"]
[SourceVersion "1"]
[SourceVersionDate "2019.04.22"]
[SourceQuality "1"]

1. Nf3 Nf6 2. d4 g6 3. Bf4 Bg7 4. e3 d6 5. Be2 O-O 6. O-O b6 7. a4 a6 8. h3 Bb7
9. Bh2 Nbd7 10. c4 c5 11. Nc3 Ne4 12. Nxe4 Bxe4 13. Qb3 Qc7 14. Nd2 Bb7 15. d5
f5 16. Rfd1 Rab8 17. Nb1 Ne5 18. Nc3 Bc8 19. Qc2 Bd7 20. Qc1 Rfc8 21. e4 fxe4
22. Qe3 Qd8 23. Qxe4 Qf8 24. f4 Nf7 25. Bg4 Bxg4 26. hxg4 Nh6 27. Qf3 Rc7 28.
Re1 Qf6 29. g5 Qd4+ 30. Kh1 Nf5 31. g4 Nh4 32. Qe2 1-0

[Event "46. Toreno La Roda 2019"]
[Site "La Roda ESP"]
[Date "2019.04.19"]
[Round "4.8"]
[White "Buendia Pinar, Alvaro"]
[Black "Grachev, Boris"]
[Result "0-1"]
[WhiteElo "2256"]
[BlackElo "2618"]
[PlyCount "62"]
[EventDate "2019.04.17"]
[EventType "swiss"]
[EventRounds "9"]
[EventCountry "ESP"]
[SourceTitle "Ajedrez en Madrid"]
[Source "lmi"]
[SourceDate "2019.04.17"]
[SourceVersion "1"]
[SourceVersionDate "2019.04.22"]
[SourceQuality "1"]

1. d4 Nf6 2. c4 b6 3. Nc3 Bb7 4. Nf3 e6 5. e3 Bb4 6. Be2 O-O 7. O-O Bxc3 8.
bxc3 Ne4 9. Qc2 f5 10. Rd1 d6 11. Ba3 Nd7 12. Qb3 c5 13. d5 e5 14. Qc2 Bc8 15.
Nd2 Nxd2 16. Qxd2 e4 17. Qe1 Ne5 18. Bc1 Ba6 19. Qf1 Rf6 20. a4 Rg6 21. g3 Rh6
22. h3 Qg5 23. Kh2 Bxc4 24. f4 exf3 25. Bxc4 Rg6 26. Qf2 Nxc4 27. Qxf3 Ne5 28.
Qf4 Qh5 29. Rf1 Rh6 30. Qxf5 Qe2+ 31. Kg1 Rf6 0-1

[Event "46. Toreno La Roda 2019"]
[Site "La Roda ESP"]
[Date "2019.04.19"]
[Round "4.9"]
[White "Ojas, Kulkarni"]
[Black "Popov, Ivan"]
[Result "0-1"]
[WhiteElo "2240"]
[BlackElo "2585"]
[PlyCount "70"]
[EventDate "2019.04.17"]
[EventType "swiss"]
[EventRounds "9"]
[EventCountry "ESP"]
[SourceTitle "Ajedrez en Madrid"]
[Source "lmi"]
[SourceDate "2019.04.17"]
[SourceVersion "1"]
[SourceVersionDate "2019.04.22"]
[SourceQuality "1"]

1. c4 e5 2. Nc3 Nf6 3. e3 Nc6 4. g4 h6 5. Bg2 d6 6. h3 g6 7. d4 Bg7 8. Nge2 Nd7
9. d5 Ne7 10. e4 f5 11. exf5 gxf5 12. Ng3 Nf6 13. gxf5 Nxf5 14. Be4 Nxe4 15.
Qh5+ Ke7 16. Nxf5+ Bxf5 17. Rg1 Qg8 18. Qxf5 Nxc3 19. bxc3 Qf7 20. Qe4 Bf6 21.
Be3 Qh5 22. Qg4 Qxg4 23. Rxg4 h5 24. Re4 Rag8 25. Kf1 b6 26. a4 a5 27. Ke2 Rg2
28. Rh1 Rhg8 29. Kf1 Kf7 30. Bc1 R2g6 31. Be3 Bg5 32. Rg1 Bxe3 33. Rxg6 Kxg6
34. Rxe3 Rf8 35. Re4 Rf3 0-1

[Event "46. Toreno La Roda 2019"]
[Site "La Roda ESP"]
[Date "2019.04.19"]
[Round "4.10"]
[White "Forcen Esteban, Daniel"]
[Black "Alonso Garcia, Aaron"]
[Result "1-0"]
[WhiteElo "2567"]
[BlackElo "2242"]
[PlyCount "79"]
[EventDate "2019.04.17"]
[EventType "swiss"]
[EventRounds "9"]
[EventCountry "ESP"]
[SourceTitle "Ajedrez en Madrid"]
[Source "lmi"]
[SourceDate "2019.04.17"]
[SourceVersion "1"]
[SourceVersionDate "2019.04.22"]
[SourceQuality "1"]

1. e4 g6 2. d4 Bg7 3. Nc3 d6 4. Be3 a6 5. Qd2 b5 6. h4 h5 7. Nh3 Nf6 8. Ng5 e6
9. f4 Bb7 10. Bd3 Qe7 11. e5 Ng4 12. a4 b4 13. Nce4 Nd7 14. Bg1 Rb8 15. Be2 Nh6
16. Qd3 Nf5 17. Bf2 d5 18. Ng3 c5 19. Nxf5 exf5 20. dxc5 Nxc5 21. Qd4 Ne4 22.
Nxe4 fxe4 23. g4 f6 24. Bg3 hxg4 25. Bxg4 g5 26. Qb6 gxf4 27. Bxf4 O-O 28.
O-O-O f5 29. Be2 Rfc8 30. Rdg1 Rc6 31. Qd4 Rbc8 32. Rh2 Rxc2+ 33. Kb1 Kh7 34.
Rhg2 Bf8 35. e6 Rxe2 36. Rg8 Re1+ 37. Ka2 b3+ 38. Kxb3 Qb4+ 39. Qxb4 Bxb4 40.
R1g7# 1-0

[Event "46. Toreno La Roda 2019"]
[Site "La Roda ESP"]
[Date "2019.04.19"]
[Round "4.11"]
[White "Maiorov, Nikita"]
[Black "Prado Lobo, Jonas"]
[Result "1/2-1/2"]
[WhiteElo "2540"]
[BlackElo "2188"]
[PlyCount "102"]
[EventDate "2019.04.17"]
[EventType "swiss"]
[EventRounds "9"]
[EventCountry "ESP"]
[SourceTitle "Ajedrez en Madrid"]
[Source "lmi"]
[SourceDate "2019.04.17"]
[SourceVersion "1"]
[SourceVersionDate "2019.04.22"]
[SourceQuality "1"]

1. d4 Nf6 2. c4 e6 3. Nc3 Bb4 4. Qc2 O-O 5. a3 Bxc3+ 6. Qxc3 b6 7. Bg5 Bb7 8.
f3 h6 9. Bh4 d5 10. e3 Nbd7 11. cxd5 Nxd5 12. Bxd8 Nxc3 13. Bh4 Nd5 14. Kd2 e5
15. Ne2 Rfe8 16. e4 Ne7 17. Kc2 f5 18. d5 Nc8 19. Nc3 Nd6 20. Be2 fxe4 21. fxe4
Nc5 22. Bf3 a5 23. b4 axb4 24. axb4 Nd7 25. Kd3 Rxa1 26. Rxa1 Nf6 27. Rd1 Ra8
28. Bg3 Re8 29. Kc2 Kf8 30. Kd3 Ba6+ 31. Kc2 Bb7 32. Ra1 Nd7 33. Bh5 Ra8 34.
Rxa8+ Bxa8 35. h3 Ke7 36. Bg4 Nf6 37. Bxe5 Ndxe4 38. Nxe4 Nxe4 39. Bxg7 Bxd5
40. Bxh6 Nf2 41. Bf3 Bxf3 42. gxf3 Nxh3 43. Be3 Kf6 44. Kd3 c5 45. b5 Ng5 46.
f4 Ne6 47. Kc4 Nc7 48. Bxc5 Nxb5 49. Kxb5 bxc5 50. Kxc5 Kf5 51. Kd4 Kxf4
1/2-1/2

[Event "46. Toreno La Roda 2019"]
[Site "La Roda ESP"]
[Date "2019.04.19"]
[Round "4.12"]
[White "Mogranzini, Roberto"]
[Black "Perez Ordonez, Jose Ramon"]
[Result "1-0"]
[WhiteElo "2449"]
[BlackElo "2161"]
[PlyCount "56"]
[EventDate "2019.04.17"]
[EventType "swiss"]
[EventRounds "9"]
[EventCountry "ESP"]
[SourceTitle "Ajedrez en Madrid"]
[Source "lmi"]
[SourceDate "2019.04.17"]
[SourceVersion "1"]
[SourceVersionDate "2019.04.22"]
[SourceQuality "1"]

1. Nf3 d5 2. b3 Nf6 3. Bb2 e6 4. c4 Be7 5. g3 O-O 6. Bg2 c5 7. cxd5 Nxd5 8. O-O
Nc6 9. d4 b6 10. Nc3 Bb7 11. Nxd5 exd5 12. Rc1 Rc8 13. Qd2 Na5 14. dxc5 bxc5
15. Ba3 Rc6 16. Ng5 Rh6 17. Bb2 d4 18. Nf3 Nc6 19. e3 Rd6 20. Ba3 dxe3 21. Qxe3
Re6 22. Qc3 Nb4 23. Bxb4 cxb4 24. Qc7 Rb6 25. Rfd1 Bd6 26. Qxd8 Rxd8 27. Ne5
Bxg2 28. Kxg2 h6 1-0

[Event "46. Toreno La Roda 2019"]
[Site "La Roda ESP"]
[Date "2019.04.19"]
[Round "4.13"]
[White "Rodriguez Melendez, Juan Humbert"]
[Black "Plazuelo Pascual, Juan"]
[Result "1-0"]
[WhiteElo "2213"]
[BlackElo "2427"]
[PlyCount "93"]
[EventDate "2019.04.17"]
[EventType "swiss"]
[EventRounds "9"]
[EventCountry "ESP"]
[SourceTitle "Ajedrez en Madrid"]
[Source "lmi"]
[SourceDate "2019.04.17"]
[SourceVersion "1"]
[SourceVersionDate "2019.04.22"]
[SourceQuality "1"]

1. d4 Nf6 2. c4 e6 3. g3 d5 4. Nf3 Bb4+ 5. Bd2 Be7 6. Bg2 c6 7. Qc2 Nbd7 8. O-O
Ne4 9. Bf4 g5 10. Bc1 f5 11. b3 h5 12. Nc3 Bf6 13. Bb2 Qe7 14. Nd2 h4 15. Ndxe4
dxe4 16. e3 e5 17. Rad1 Nf8 18. Rfe1 Bd7 19. g4 h3 20. Bh1 Rh4 21. gxf5 Bxf5
22. Nxe4 Nd7 23. Nd6+ Qxd6 24. Qxf5 Qe7 25. d5 cxd5 26. Bxd5 Nf8 27. c5 Rd8 28.
c6 Rxd5 29. Rxd5 bxc6 30. Rd2 Qb4 31. Red1 Qg4+ 32. Qxg4 Rxg4+ 33. Kh1 a5 34.
f3 Rh4 35. Rd6 Be7 36. Rxc6 g4 37. fxg4 Rxg4 38. Bxe5 Rg2 39. a4 Re2 40. Bf4
Nd7 41. Rh6 Nf6 42. Rxh3 Ng4 43. Rh8+ Kf7 44. Rc1 Kg7 45. Ra8 Nf2+ 46. Kg1 Nh3+
47. Kh1 1-0

[Event "46. Toreno La Roda 2019"]
[Site "La Roda ESP"]
[Date "2019.04.19"]
[Round "4.14"]
[White "Carrascoso Morales, Abel"]
[Black "Merario Alarcon, Andres"]
[Result "0-1"]
[WhiteElo "2204"]
[BlackElo "2399"]
[PlyCount "58"]
[EventDate "2019.04.17"]
[EventType "swiss"]
[EventRounds "9"]
[EventCountry "ESP"]
[SourceTitle "Ajedrez en Madrid"]
[Source "lmi"]
[SourceDate "2019.04.17"]
[SourceVersion "1"]
[SourceVersionDate "2019.04.22"]
[SourceQuality "1"]

1. d4 d5 2. c4 e6 3. Nc3 a6 4. cxd5 exd5 5. Nf3 Nf6 6. Bg5 Be6 7. e3 Bd6 8. Bd3
O-O 9. Qc2 h6 10. h4 Nbd7 11. Bf5 Qe7 12. Bxe6 Qxe6 13. Bxf6 Nxf6 14. O-O-O
Rfc8 15. Kb1 c5 16. dxc5 Rxc5 17. Nd4 Qe8 18. Nb3 Rc6 19. Qf5 Rxc3 20. bxc3 Ne4
21. Rc1 Be5 22. Rhd1 g6 23. Qf3 Qb5 24. c4 dxc4 25. Qxe4 cxb3 26. Rd4 bxa2+ 27.
Kxa2 Bxd4 28. Qxd4 Qa5+ 29. Kb3 Rd8 0-1

[Event "46. Toreno La Roda 2019"]
[Site "La Roda ESP"]
[Date "2019.04.19"]
[Round "4.15"]
[White "Torres Sanchez, Jose"]
[Black "Martin Duque, Jesus"]
[Result "1/2-1/2"]
[WhiteElo "2200"]
[BlackElo "2386"]
[PlyCount "72"]
[EventDate "2019.04.17"]
[EventType "swiss"]
[EventRounds "9"]
[EventCountry "ESP"]
[SourceTitle "Ajedrez en Madrid"]
[Source "lmi"]
[SourceDate "2019.04.17"]
[SourceVersion "1"]
[SourceVersionDate "2019.04.22"]
[SourceQuality "1"]

1. Nf3 Nf6 2. g3 d5 3. Bg2 e6 4. O-O Be7 5. c4 O-O 6. b3 d4 7. e3 c5 8. exd4
cxd4 9. Re1 Nc6 10. d3 Nd7 11. Ba3 a5 12. Bxe7 Qxe7 13. Nbd2 Rb8 14. a3 b6 15.
b4 axb4 16. Nb3 bxa3 17. Nfxd4 Nxd4 18. Nxd4 Bb7 19. Bxb7 Rxb7 20. Nb5 Ra8 21.
Qb3 Rbb8 22. d4 Ra5 23. Rxa3 Rxa3 24. Nxa3 Ra8 25. Nc2 Qd6 26. Rb1 h6 27. Qf3
Ra4 28. Qb3 Ra5 29. Qc3 Ra8 30. Ra1 Rxa1+ 31. Qxa1 Qc6 32. Ne3 Nf6 33. d5 Qd6
34. Qa8+ Kh7 35. Qb7 Kg8 36. Qc8+ Kh7 1/2-1/2

[Event "46. Toreno La Roda 2019"]
[Site "La Roda ESP"]
[Date "2019.04.19"]
[Round "4.16"]
[White "Aguilera Lopez, Alejandro"]
[Black "Lopez Mulet, Inigo"]
[Result "1-0"]
[WhiteElo "2194"]
[BlackElo "2368"]
[PlyCount "125"]
[EventDate "2019.04.17"]
[EventType "swiss"]
[EventRounds "9"]
[EventCountry "ESP"]
[SourceTitle "Ajedrez en Madrid"]
[Source "lmi"]
[SourceDate "2019.04.17"]
[SourceVersion "1"]
[SourceVersionDate "2019.04.22"]
[SourceQuality "1"]

1. e3 g6 2. Nf3 Bg7 3. Be2 c5 4. O-O Nf6 5. d4 b6 6. a4 Bb7 7. a5 Na6 8. c3 O-O
9. Nbd2 d6 10. Re1 Re8 11. Bb5 Rf8 12. Bf1 Qc8 13. Qb3 Rb8 14. axb6 axb6 15. e4
Nd7 16. e5 dxe5 17. dxe5 Nc7 18. e6 fxe6 19. Ng5 b5 20. c4 Rf5 21. Nxe6 Nxe6
22. Rxe6 Bd4 23. cxb5 Kh8 24. Re2 Qf8 25. Qg3 Nf6 26. Ra4 Nh5 27. Qh4 Rf4 28.
Qg5 Bf6 29. Rxf4 Bxg5 30. Rxf8+ Rxf8 31. Nb3 Bxc1 32. Nxc1 Rf7 33. Re5 Nf4 34.
Rxc5 Ne6 35. Re5 Nd4 36. Ne2 Nf5 37. Nc3 Kg7 38. Bc4 Rf8 39. g4 Nd6 40. Rxe7+
Kh6 41. Be2 Bf3 42. Bxf3 Rxf3 43. Re6 Nb7 44. b6 Rf4 45. Re4 Rf6 46. Rb4 Rc6
47. Kg2 Kg5 48. Kg3 Kf6 49. h4 Ke6 50. Kf4 Rc5 51. Re4+ Kf7 52. Ra4 Rc6 53. Rb4
Ke6 54. Kg5 Kf7 55. Kh6 Kg8 56. Ne4 Nd8 57. Ng5 Nb7 58. Re4 Nd6 59. b7 Rb6 60.
Ra4 Nf7+ 61. Nxf7 Kxf7 62. Ra7 Kf6 63. Ra6 1-0